书目信息 |
| 题名: |
周易探秘
|
|
| 作者: | 朱渊青 著 | |
| 分册: | ||
| 出版信息: | 上海 上海古籍出版社 1995.08 |
|
| 页数: | 139页 | |
| 开本: | 32开 | |
| 丛书名: | ||
| 单 册: | ||
| 中图分类: | B221 | |
| 科图分类: | ||
| 主题词: | 先秦哲学 | |
| 电子资源: | ||
| ISBN: | 7-5325-1961-9 | |
| 000 | 00521nam0 2200193 45 | |
| 001 | 0012200995 | |
| 005 | 20001220091656.1 | |
| 010 | @a7-5325-1961-9@d7.00。6 | |
| 100 | @a20001220d1995 km y0chiy0120 ea | |
| 101 | 0 | @achi |
| 105 | @a z 000yy | |
| 200 | 1 | @a周易探秘@AZhou Yi Tan Mi@f朱渊青著@FZhu Yuan Qing Zhu |
| 210 | @a上海@c上海古籍出版社@d1995.08 | |
| 215 | @a139页@d32开 | |
| 606 | 0 | @a先秦哲学 |
| 690 | @aB221@v3 | |
| 701 | 0 | @a朱渊青@4著 |
| 801 | @aCN@bPftUser@c20001220 | |
| 905 | @b310000-001@dB221@eZH695@f2 | |
| 周易探秘/朱渊青著.-上海:上海古籍出版社,1995.08 |
| 139页;32开 |
| ISBN 7-5325-1961-9:7.00。6 |
| ● |
| 相关链接 |
|
|
|
正题名:周易探秘
索取号:B221/ZH695
 
预约/预借
| 序号 | 登录号 | 条形码 | 馆藏地/架位号 | 状态 | 备注 |
| 1 | 310000 | 203100009 | 社科库509/409社科库 5排3列5层/ [索取号:B221/ZH695] | 在馆 | |
| 2 | 310001 | 203100018 | 社科库509/509社科库 9排2列3层/ [索取号:B221/ZH695] | 在馆 |